|
|
|
|
| LEADER |
00768nam a2200181Ia 4500 |
| 001 |
CTU_126794 |
| 008 |
210402s9999 xx 000 0 und d |
| 082 |
|
|
|a 639
|
| 082 |
|
|
|b P963/Vol.1
|
| 245 |
|
0 |
|a Proceedings of the second international symposium on the management of large rivers for fisheries :
|
| 245 |
|
0 |
|b Sustaining lovelihoods and biodiversity in the New Millennium 11th-14th February 2003 in Phnom Penh, Kingdom of Cambodia
|
| 245 |
|
0 |
|c Edited by Robin L. Welcomme and T. Petr
|
| 260 |
|
|
|a Bangkok ( Thailand )
|
| 260 |
|
|
|b Food and Agriculture organization of the united nations & the Mekong river commission
|
| 260 |
|
|
|c 2004
|
| 650 |
|
|
|a Fishery management,Fisheries
|
| 904 |
|
|
|i Giang
|
| 980 |
|
|
|a Trung tâm Học liệu Trường Đại học Cần Thơ
|